000 00543nam a2200205Ia 4500
005 20240209121234.0
008 131103s9999 xx 000 0 und d
020 _a923101421 8
040 _aLoreto College
041 _aEnglish
082 _a370.15
_bWAL
100 _aWall,W.D.
245 _aConstructive Education for Adolescents,
_cW.D.Wall
260 _aLondon
_bUNESCO
_c1977
300 _axi,333 p.
504 _aIncludes references and index
650 _aEducation,Educational Psychology
850 _aLCLIB
942 _cBK
999 _c3694
_d54173